Convertibilidad del austral (Registro nro. 5455)
[ vista simple ]
| 000 -LEADER | |
|---|---|
| fixed length control field | 01106 a2200217 4500 |
| 001 - CONTROL NUMBER | |
| control field | 54286 |
| 005 - DATE AND TIME OF LATEST TRANSACTION | |
| control field | 20260407155814.0 |
| 008 - FIXED-LENGTH DATA ELEMENTS--GENERAL INFORMATION | |
| fixed length control field | 260407a1991 arg spa d |
| 003 - CONTROL NUMBER IDENTIFIER | |
| control field | AR-UNSa-BCEJYS |
| 040 ## - CATALOGING SOURCE | |
| Original cataloging agency | AR-UNSa-BCEJYS |
| Language of cataloging | spa |
| Transcribing agency | AR-UNSa-BCEJYS |
| 080 ## - UNIVERSAL DECIMAL CLASSIFICATION NUMBER | |
| Universal Decimal Classification number | 339.744 |
| Common auxiliary subdivision | Convertibilidad |
| 020 ## - INTERNATIONAL STANDARD BOOK NUMBER | |
| International Standard Book Number | 950-572-212-5 |
| 041 ## - LANGUAGE CODE | |
| Language code of text/sound track or separate title | spa |
| 100 1# - MAIN ENTRY--PERSONAL NAME | |
| Personal name | Moisset de Espanés, Luis |
| 245 10 - TITLE STATEMENT | |
| Title | Convertibilidad del austral |
| 264 #1 - PRODUCTION, PUBLICATION, DISTRIBUTION, MANUFACTURE, AND COPYRIGHT NOTICE | |
| Place of production, publication, distribution, manufacture | Buenos Aires : |
| Name of producer, publisher, distributor, manufacturer | Víctor P. de Zavalía |
| Date of production, publication, distribution, manufacture, or copyright notice | 1991 |
| 300 ## - PHYSICAL DESCRIPTION | |
| Extent | 225 p. |
| Dimensions | 23 cm. |
| 505 ## - FORMATTED CONTENTS NOTE | |
| Formatted contents note | 1. Aspectos económicos y jurídicos de la Ley de convertibilidad – 2. Las obligaciones en moneda extranjera luego de la ley de convertibilidad del austral 23.928 – 3. Ley de convertibilidad y desindexación – 4. La Ley de convertibilidad y los procesos en trámite – 5. Locaciones en moneda extranjera – 6. Intereses. Un examen sobre su naturaleza, con particular énfasis en las tasas equivalentes, el anatocismo y con variable de ajuste – 7. La convertibilidad del austral y las obligaciones de dar dinero. |
| 590 ## - LOCAL NOTE (RLIN) | |
| Local note | niveau_biblio:m niveau_hierar:0 |
| 942 ## - ADDED ENTRY ELEMENTS (KOHA) | |
| Koha item type | |
| Withdrawn status | Lost status | Damaged status | Not for loan | Home library | Current library | Shelving location | Date acquired | Total checkouts | Full call number | Barcode | Date last seen | Price effective from | Koha item type |
|---|---|---|---|---|---|---|---|---|---|---|---|---|---|
| Biblioteca Prof. Eusebio Cleto del Rey | Biblioteca Prof. Eusebio Cleto del Rey | 07/04/2026 | 339.744 M714 v.1 | L58743 | 07/04/2026 | 07/04/2026 | Libro |